Les 20 villes les plus peuplées de Champagne-Ardennes de 1806 à 2023 - Statistiques

Statistiques générales
  • Ce quiz a été pris 64 fois
  • Le résultat moyen est 98 sur 160
Statistiques - réponses
Hint Réponse % Correct
1806 Reims 31 779
98%
1846 Reims 43 905
98%
1876 Reims 81 892
98%
1911 Reims 116 085
98%
1936 Reims 117 229
98%
1968 Reims 154 534
98%
1999 Reims 187 206
98%
2023 Reims 177 674
98%
1806 Charleville 8 430
93%
1846 Charleville 9 353
93%
1876 Charleville 13 759
93%
1911 Charleville 22 654
93%
1936 Charleville 22 557
93%
1968 Charleville-Mézières 55 545
93%
1999 Charleville-Mézières 55 490
93%
2023 Charleville-Mézières 45 560
93%
1806 Mézières* 3 380
93%
1846 Mézières* 4 879
93%
1876 Mézières* 5 319
93%
1911 Mézières* 10 403
93%
1936 Mézières* 10 816
93%
1806 Sedan 10 838
89%
1846 Sedan 14 635
89%
1876 Sedan 16 888
89%
1911 Sedan 19 758
89%
1936 Sedan 18 854
89%
1968 Sedan 23 037
89%
1999 Sedan 20 548
89%
2023 Sedan 16 667
89%
1806 Troyes 27 196
89%
1846 Troyes 26 376
89%
1876 Troyes 41 275
89%
1911 Troyes 55 486
89%
1936 Troyes 58 061
89%
1968 Troyes 74 896
89%
1999 Troyes 60 958
89%
2023 Troyes 62 088
89%
1806 Châlons 11 089
88%
1846 Châlons 15 879
88%
1999 Châlons-en-Champagne 47 339
88%
2023 Châlons-en-Champagne 42 971
88%
1876 Châlons-sur-Marne 20 236
88%
1911 Châlons-sur-Marne 31 367
88%
1936 Châlons-sur-Marne 35 520
88%
1968 Châlons-sur-Marne 50 764
88%
1806 Chaumont 6 102
82%
1846 Chaumont 6 423
82%
1876 Chaumont 9 533
82%
1911 Chaumont 15 116
82%
1936 Chaumont 18 992
82%
1968 Chaumont 26 067
82%
1999 Chaumont 25 996
82%
2023 Chaumont 20 827
82%
1806 Épernay 4 544
80%
1846 Épernay 6 308
80%
1876 Épernay 15 506
80%
1911 Épernay 21 811
80%
1936 Épernay 22 406
80%
1968 Épernay 26 583
80%
1999 Épernay 25 844
80%
2023 Épernay 22 174
80%
1806 Rethel 5 551
77%
1846 Rethel 7 828
77%
1876 Rethel 7 699
77%
1936 Rethel 5 851
77%
1968 Rethel 7 994
77%
1999 Rethel 8 052
77%
2023 Rethel 7 444
77%
1806 Saint-Dizier 5 614
73%
1846 Saint-Dizier 7 136
73%
1876 Saint-Dizier 13 109
73%
1911 Saint-Dizier 16 275
73%
1936 Saint-Dizier 19 469
73%
1968 Saint-Dizier 36 616
73%
1999 Saint-Dizier 30 900
73%
2023 Saint-Dizier 22 858
73%
1806 Vitry-le-François 7 194
71%
1846 Vitry-le-François 8 007
71%
1876 Vitry-le-François 7 616
71%
1911 Vitry-le-François 8 511
71%
1936 Vitry-le-François 9 061
71%
1968 Vitry-le-François 16 879
71%
1999 Vitry-le-François 16 737
71%
2023 Vitry-le-François 10 996
71%
1806 Bar-sur-Aube 3 707
66%
1846 Bar-sur-Aube 4 163
66%
1806 Langres 8 476
61%
1846 Langres 9 179
61%
1876 Langres 10 601
61%
1911 Langres 9 602
61%
1936 Langres 8 180
61%
1968 Langres 11 001
61%
1999 Langres 9 586
61%
2023 Langres 7 421
61%
1806 Nogent-sur-Seine 3 158
59%
1876 Vouziers 5 700
57%
1911 Vouziers 6 098
57%
1806 Givet 3 879
50%
1846 Givet 5 855
50%
1876 Givet 5 575
50%
1911 Givet 7 759
50%
1936 Givet 6 923
50%
1968 Givet 7 865
50%
1999 Givet 7 372
50%
2023 Givet 6 364
50%
1846 Romilly-sur-Seine 3 831
48%
1876 Romilly-sur-Seine 5 190
48%
1911 Romilly-sur-Seine 11 371
48%
1936 Romilly-sur-Seine 13 977
48%
1968 Romilly-sur-Seine 17 038
48%
1999 Romilly-sur-Seine 14 616
48%
2023 Romilly-sur-Seine 14 959
48%
1806 Sézanne 4 252
43%
1846 Sézanne 4 569
43%
1968 Tinqueux 7 394
39%
1999 Tinqueux 10 083
39%
2023 Tinqueux 10 771
39%
1911 Revin 5 924
36%
1936 Revin 7 826
36%
1968 Revin 12 156
36%
1999 Revin 8 963
36%
2023 Cormontreuil 6 534
32%
1806 Joinville 3 989
32%
1968 La Chapelle-Saint-Luc 6 528
32%
1999 La Chapelle-Saint-Luc 14 447
32%
2023 La Chapelle-Saint-Luc 12 648
32%
1806 Sainte-Menehould 3 565
32%
1846 Sainte-Menehould 4 259
32%
1936 Mourmelon-le-Grand 6 877
29%
1968 Saint-André-les-Vergers 7 660
29%
1999 Saint-André-les-Vergers 11 125
29%
2023 Saint-André-les-Vergers 12 806
29%
1911 Sainte-Savine 6 848
23%
1936 Sainte-Savine 10 406
23%
1968 Sainte-Savine 11 622
23%
1999 Sainte-Savine 10 125
23%
2023 Sainte-Savine 10 289
23%
1876 Fumay 4 857
21%
1911 Fumay 5 790
21%
1876 Nouzonville 5 504
21%
1911 Nouzonville 7 891
21%
1936 Nouzonville 6 234
21%
1968 Nouzonville 7 813
21%
1999 Nouzonville 6 869
21%
1876 Aÿ 5 063
16%
1911 Aÿ 7 212
16%
1936 Aÿ 6 666
16%
2023 Bétheny 6 975
16%
1876 Bogny-sur-Meuse 4 804
16%
1911 Bogny-sur-Meuse 7 859
16%
1936 Bogny-sur-Meuse 6 566
16%
1968 Bogny-sur-Meuse 6 715
16%
1999 Saint-Julien-les-Villas 6 420
14%
2023 Saint-Julien-les-Villas 6 760
14%
1806 Bourbonne-les-Bains 3 306
11%
1846 Bourbonne-les-Bains 3 844
11%
1876 Bourbonne-les-Bains 4 805
11%
1806 Les Riceys 3 830
7%
1846 Les Riceys 3 519
7%
1846 Fayl-Billot 3 521
4%
Aucun quiz correspondant
Distribution des résultats
% des personnes avec chaque résultat
Percentile par nombre de réponses
Votre historique - résultats
Vous n’avez pas pris ce quiz